Three Muslim sages: Avicenna, Suhrawardī, Ibn ʻArabī / (Record no. 23658)
[ view plain ]
| 000 -LEADER | |
|---|---|
| fixed length control field | 00928cam a22003011 4500 |
| 001 - CONTROL NUMBER | |
| control field | 8446017 |
| 003 - CONTROL NUMBER IDENTIFIER | |
| control field | BDDh-ASL |
| 005 - DATE AND TIME OF LATEST TRANSACTION | |
| control field | 20231015030254.0 |
| 008 - FIXED-LENGTH DATA ELEMENTS--GENERAL INFORMATION | |
| fixed length control field | 720815s1964 mau 000 0 eng |
| 010 ## - LIBRARY OF CONGRESS CONTROL NUMBER | |
| LC control number | 63017207 |
| 015 ## - NATIONAL BIBLIOGRAPHY NUMBER | |
| National bibliography number | GB64-7374 |
| 035 ## - SYSTEM CONTROL NUMBER | |
| System control number | (OCoLC)382872 |
| 040 ## - CATALOGING SOURCE | |
| Original cataloging agency | DLC |
| Transcribing agency | ODaWU |
| Modifying agency | Uk |
| -- | DLC |
| -- | BDDh-ASL |
| 042 ## - AUTHENTICATION CODE | |
| Authentication code | premarc |
| 050 00 - LIBRARY OF CONGRESS CALL NUMBER | |
| Classification number | BP70 |
| Item number | .N36 |
| 082 ## - DEWEY DECIMAL CLASSIFICATION NUMBER | |
| Classification number | 921 |
| Item number | NAT |
| 100 1# - MAIN ENTRY--PERSONAL NAME | |
| Personal name | Nasr, Seyyed Hossein. |
| 245 10 - TITLE STATEMENT | |
| Title | Three Muslim sages: Avicenna, Suhrawardī, Ibn ʻArabī / |
| 260 ## - PUBLICATION, DISTRIBUTION, ETC. | |
| Place of publication, distribution, etc. | Cambridge : |
| Name of publisher, distributor, etc. | Harvard University Press, |
| Date of publication, distribution, etc. | 1964. |
| 300 ## - PHYSICAL DESCRIPTION | |
| Extent | 185 p. : |
| Dimensions | 21 cm. |
| 440 #0 - SERIES STATEMENT/ADDED ENTRY--TITLE | |
| Title | Harvard studies in world religions |
| 600 00 - SUBJECT ADDED ENTRY--PERSONAL NAME | |
| Personal name | Avicenna, |
| Dates associated with a name | 980-1037. |
| 600 10 - SUBJECT ADDED ENTRY--PERSONAL NAME | |
| Personal name | Suhrawardī, Yaḥyá ibn Ḥabash, |
| Dates associated with a name | 1152 or 1153-1191. |
| 600 00 - SUBJECT ADDED ENTRY--PERSONAL NAME | |
| Personal name | Ibn al-ʻArabī, |
| Dates associated with a name | 1165-1240. |
| 650 #0 - SUBJECT ADDED ENTRY--TOPICAL TERM | |
| Topical term or geographic name entry element | Muslim scholars |
| Form subdivision | Biography. |
| 906 ## - LOCAL DATA ELEMENT F, LDF (RLIN) | |
| a | 7 |
| b | cbc |
| c | oclcrpl |
| d | u |
| e | ncip |
| f | 19 |
| g | y-gencatlg |
| 942 ## - ADDED ENTRY ELEMENTS (KOHA) | |
| Source of classification or shelving scheme | Dewey Decimal Classification |
| Koha item type | Books |
| Withdrawn status | Lost status | Source of classification or shelving scheme | Damaged status | Not for loan | Collection code | Home library | Current library | Shelving location | Date acquired | Source of acquisition | Total Checkouts | Full call number | Barcode | Date last seen | Copy number | Price effective from | Koha item type | Public note |
|---|---|---|---|---|---|---|---|---|---|---|---|---|---|---|---|---|---|---|
| Dewey Decimal Classification | Non-fiction | Asiatic Society Library | Asiatic Society Library | General Stacks | 04/01/2021 | ASB Library Collections | 921 NAT | 108157 | 04/01/2021 | C-1 | 04/01/2021 | Books | RARE |